[Event "Chigorin Memorial 2019"]
[Site "St Petersburg RUS"]
[Date "2019.10.08"]
[Round "4.112"]
[White "Zelenskaya, Anastasiya"]
[Black "Frolov, Aleksey G."]
[Result "0-1"]
[WhiteElo "1826"]
[BlackElo "2093"]
[WhiteFideId "54112540"]
[BlackFideId "34106500"]
[EventDate "2019.10.05"]

1. e4 c5 2. Nf3 d6 3. d4 Nf6 4. Nc3 cxd4 5. Nxd4 a6 6. Be2 e6 7. O-O Be7 8. Kh1
O-O 9. f4 Qc7 10. Qe1 b5 11. Bf3 Bb7 12. e5 Ne8 13. f5 dxe5 14. fxe6 Bxf3 15.
exf7+ Rxf7 16. Nxf3 Nd7 17. Qe4 Rc8 18. Bg5 Bf8 19. Rf2 Nd6 20. Qd5 Qc4 21. Rd2
b4 22. Na4 e4 23. Ng1 h6 24. Be3 Nf6 25. Qe5 Ng4 26. Qg3 Nxe3 27. Qxe3 Nf5 28.
Qe1 Qe6 29. b3 Bd6 30. Re2 Re8 31. Nf3 Qf6 32. Rd1 Rfe7 33. Ng1 Qe5 34. g3 e3
35. Kg2 Nd4 36. Rxe3 Qd5+ 37. Nf3 Rxe3 38. Rxd4 Qxf3+ 0-1

[Event "Chigorin Memorial 2019"]
[Site "St Petersburg RUS"]
[Date "2019.10.08"]
[Round "4.113"]
[White "Kuzmichev, Danil"]
[Black "Zhafyarov, Adel"]
[Result "0-1"]
[WhiteElo "1808"]
[BlackElo "2089"]
[WhiteFideId "54174511"]
[BlackFideId "34147630"]
[EventDate "2019.10.05"]

1. e4 e5 2. Nf3 Nf6 3. Nxe5 d6 4. Nf3 Nxe4 5. Qe2 Qe7 6. d3 Nf6 7. Bg5 Qxe2+ 8.
Bxe2 Be7 9. Nc3 h6 10. Bf4 Be6 11. Nd4 c5 12. Nxe6 fxe6 13. O-O-O Nc6 14. Rhe1
Nd4 15. Bf1 Kd7 16. Ne2 e5 17. Bg3 h5 18. h3 Raf8 19. c3 Ne6 20. f3 Nd5 21. Bf2
Bg5+ 22. Kb1 Ne3 23. Bxe3 Bxe3 24. Nc1 Bf2 25. Re2 Bh4 26. Nb3 Bf6 27. Red2 d5
28. Re2 b6 29. Rde1 Re8 30. Rd2 Re7 31. Red1 h4 32. Re1 Kd6 33. Red1 Rhe8 34.
Re1 Nf4 35. Red1 Bg5 36. Rc2 Nh5 37. Rf2 Ng3 38. a3 Rd8 39. Rc2 Kc7 40. Rf2 Red7
41. Ka2 a5 42. a4 Rf7 43. Rc2 Rf4 44. d4 c4 45. Nc1 exd4 46. cxd4 Nxf1 47. Rxf1
Rxd4 48. Ne2 Rd3 49. f4 Bf6 50. f5 Kc6 51. Nf4 Re3 52. Rd1 Rd7 53. b3 c3 54. Nd3
d4 55. b4 b5 56. axb5+ Kxb5 57. bxa5 Ra7 58. Kb3 Rxa5 59. Rf2 Be7 60. Ra2 Rxa2
61. Kxa2 Kc4 62. Nf4 c2 63. Rc1 d3 64. Kb2 Bf6+ 65. Ka2 Re8 0-1

[Event "Chigorin Memorial 2019"]
[Site "St Petersburg RUS"]
[Date "2019.10.08"]
[Round "4.114"]
[White "Bulsoev, Alexander"]
[Black "Lvov, Nikita"]
[Result "1-0"]
[WhiteElo "1802"]
[BlackElo "2079"]
[WhiteFideId "44122276"]
[BlackFideId "24200212"]
[EventDate "2019.10.05"]

1. e4 c5 2. Nf3 Nc6 3. d4 cxd4 4. Nxd4 e5 5. Nb5 d6 6. N1c3 a6 7. Na3 Be7 8. Nc4
b5 9. Ne3 Nf6 10. g3 O-O 11. Bg2 b4 12. Ncd5 Nxd5 13. Nxd5 Bg5 14. O-O Bxc1 15.
Rxc1 f5 16. exf5 Bxf5 17. Ne3 Bd7 18. Qxd6 Nd4 19. Rcd1 Re8 20. Qd5+ Kh8 21.
Qxa8 Qxa8 22. Bxa8 Rxa8 23. f4 Bb5 24. Rf2 exf4 25. gxf4 Ne2+ 26. Kg2 g6 27. Kf3
g5 28. Rxe2 Bxe2+ 29. Kxe2 1-0

[Event "Chigorin Memorial 2019"]
[Site "St Petersburg RUS"]
[Date "2019.10.08"]
[Round "4.115"]
[White "Davydova, Kira"]
[Black "Tsoi, Matvey"]
[Result "1-0"]
[WhiteElo "1961"]
[BlackElo "1774"]
[WhiteFideId "34166120"]
[BlackFideId "54108802"]
[EventDate "2019.10.05"]

1. d4 Nf6 2. Nf3 c5 3. d5 g6 4. Nc3 Bg7 5. e4 d6 6. Bb5+ Bd7 7. a4 Bxb5 8. axb5
Nbd7 9. O-O O-O 10. h3 Ne8 11. Bf4 Nc7 12. Qe2 Nb6 13. Nd2 Qd7 14. Ra5 a6 15.
bxa6 Rxa6 16. Rxa6 bxa6 17. Ra1 Rb8 18. Nb3 Bxc3 19. bxc3 Qb5 20. Qxb5 Nxb5 21.
Bd2 Nc4 22. Be1 Nba3 23. Nd2 Nxc2 24. Rxa6 Nb2 25. Nf3 Nd3 26. Bd2 Rb1+ 27. Kh2
Nce1 28. Nxe1 Nxe1 29. Bh6 Rb8 30. Ra7 Rc8 31. Kg3 f6 32. Be3 h5 33. h4 Nd3 34.
f4 Kf7 35. Kf3 Nb2 36. g4 Nc4 37. g5 Nxe3 38. Kxe3 Rb8 39. e5 fxe5 40. fxe5 dxe5
41. d6 Ke6 42. dxe7 Kf5 43. Kf3 e4+ 44. Ke3 Re8 45. Rc7 Kg4 46. Kxe4 Kxh4 47.
Ke5 Kxg5 48. Ke6 h4 49. Rxc5+ Kg4 50. Kf7 Rxe7+ 51. Kxe7 h3 52. Ra5 h2 53. Ra1
g5 54. c4 Kf3 55. c5 g4 56. c6 g3 57. c7 g2 58. c8=Q g1=Q 59. Qc6+ Kg3 60. Qg6+
Kf2 61. Qf5+ Ke2 62. Qe4+ Kf2 63. Qf4+ Ke2 64. Qxh2+ 1-0

[Event "Chigorin Memorial 2019"]
[Site "St Petersburg RUS"]
[Date "2019.10.08"]
[Round "4.116"]
[White "Kundianok, Vladislav"]
[Black "Nuritdinov, Nizomitdin"]
[Result "1-0"]
[WhiteElo "2043"]
[BlackElo "1771"]
[WhiteFideId "44157819"]
[BlackFideId "34177245"]
[EventDate "2019.10.05"]

1. e4 c6 2. Nc3 d5 3. Nf3 Bg4 4. h3 Bh5 5. exd5 cxd5 6. Bb5+ Nc6 7. g4 Bg6 8.
Ne5 Qd6 9. d4 a6 10. Bxc6+ bxc6 11. Bf4 Qf6 12. Qd2 Qe6 13. O-O-O f6 14. Nxg6
hxg6 15. Na4 Ra7 16. Nc5 Qc8 17. Qd3 Kf7 18. Rhe1 e5 19. dxe5 Bxc5 20. e6+ Kf8
21. Qc3 Be7 22. Rxd5 Rxh3 23. Qc4 Qe8 24. Rc5 Rf3 25. Rxc6 Ra8 26. Bg3 f5 27. g5
Bxg5+ 28. Kb1 Ne7 29. Bd6 Rh3 30. Rc7 Qb5 31. Rc8+ Rxc8 32. Qxc8+ Qe8 33. Qd7
Qa8 34. f3 Bf6 35. Rd1 g5 36. Be5 Qe8 37. Bxf6 gxf6 38. Qc7 Kg7 39. b3 Kg6 40.
Rd8 Nd5 41. Qb8 Nc3+ 42. Kb2 Nd1+ 43. Kc1 Qxe6 44. Rg8+ Kh7 45. Rh8+ Kg7 46.
Qf8+ Kg6 47. Rxh3 Qe3+ 48. Kxd1 Qg1+ 49. Ke2 Qg2+ 50. Ke1 Qg1+ 51. Kd2 Qd4+ 52.
Ke2 Qe5+ 53. Kf1 Qb5+ 54. c4 1-0

[Event "Chigorin Memorial 2019"]
[Site "St Petersburg RUS"]
[Date "2019.10.08"]
[Round "4.117"]
[White "Vorobyova, Ekaterina"]
[Black "Mkrtchyan, Mariam"]
[Result "1/2-1/2"]
[BlackTitle "WCM"]
[WhiteElo "1748"]
[BlackElo "2039"]
[WhiteFideId "34166006"]
[BlackFideId "13310828"]
[EventDate "2019.10.05"]

1. e4 e6 2. d4 d5 3. Nd2 Be7 4. Bd3 c5 5. dxc5 Nf6 6. exd5 Qxd5 7. Ngf3 O-O 8.
O-O Qxc5 9. Qe2 Nbd7 10. Re1 Qc7 11. Ne4 h6 12. b3 Nxe4 13. Bxe4 Bf6 14. Rb1 Nc5
15. c4 Bc3 16. Rd1 Bd7 17. Ba3 Nxe4 18. Bxf8 Bc6 19. Ba3 Qa5 20. Bb2 Qxa2 21.
Qc2 Qa5 22. Nd4 Bxd4 23. Bxd4 Qg5 24. f3 Nd6 25. Qf2 Nf5 26. b4 Nh4 27. Kh1 Qh5
28. Rf1 b6 29. b5 Bb7 30. Ra1 e5 31. Bxe5 Nxf3 32. gxf3 Qxe5 33. Ra3 g5 34. Qe3
Qc7 35. Rc3 g4 36. Qxh6 Qe5 37. Qe3 Qxe3 38. Rxe3 Bxf3+ 39. Kg1 Rc8 40. Rc1 Rc7
41. Rec3 Rc5 42. Ra1 Rc7 43. Kf2 Kg7 44. Ke3 Kg6 45. Kd3 Kf5 46. Rca3 Be4+ 47.
Kd4 Rd7+ 48. Kc3 Rd3+ 49. Kb4 Rd2 50. R1a2 Rxa2 51. Rxa2 Kf4 52. Rxa7 f5 53. Ra6
Ke3 54. Ra3+ Kd2 55. h3 gxh3 56. Rxh3 f4 57. Rh6 f3 58. Rxb6 f2 59. Rf6 Ke2 60.
Rxf2+ Kxf2 61. c5 Ke3 62. Ka5 Kd4 63. Kb6 Kd5 64. c6 Kd6 65. Kb7 Kc5 66. b6 1/2-1/2

[Event "Chigorin Memorial 2019"]
[Site "St Petersburg RUS"]
[Date "2019.10.08"]
[Round "4.118"]
[White "Zolotyh, Lev"]
[Black "Svidinsky, Dmitry"]
[Result "1/2-1/2"]
[WhiteElo "1745"]
[BlackElo "2033"]
[WhiteFideId "34133353"]
[BlackFideId "24120251"]
[EventDate "2019.10.05"]

1. e4 c5 2. Nf3 d6 3. d4 cxd4 4. Nxd4 Nf6 5. Nc3 a6 6. Be2 e5 7. Nb3 Be7 8. O-O
O-O 9. f4 b5 10. a3 Bb7 11. Bf3 Nbd7 12. Qe1 Rc8 13. Kh1 Re8 14. Qg3 Qc7 15. Be3
Kh8 16. Rad1 Bc6 17. Rd2 a5 18. Rfd1 b4 19. axb4 axb4 20. Nd5 Bxd5 21. exd5 e4
22. Be2 Nb6 23. Bb5 Rg8 24. Bxb6 Qxb6 25. Bc6 Nh5 26. Qg4 g6 27. f5 e3 28. Re2
Bf6 29. Nd4 Be5 30. fxg6 fxg6 31. Ne6 Rgf8 32. Rde1 Rf5 33. g3 Ng7 34. Nxg7 Kxg7
35. Bd7 Rcf8 36. Bxf5 Rxf5 37. Rxe3 Qc5 38. Qe4 Bxb2 39. Qe7+ Rf7 40. Qg5 Bf6
41. Qg4 Qxd5+ 42. Qe4 Qxe4+ 43. Rxe4 Bc3 44. R1e2 d5 45. Re7 Kf8 46. Rxf7+ Kxf7
47. Kg2 h5 48. Kf3 Kf6 49. h3 Kf5 50. Re8 Bd2 51. Ke2 Bc3 52. Kf3 Bd2 53. Re2
Bc3 54. Re7 Be5 55. Rb7 Bc3 56. Re7 Bd2 1/2-1/2

[Event "Chigorin Memorial 2019"]
[Site "St Petersburg RUS"]
[Date "2019.10.08"]
[Round "4.119"]
[White "Ponomarev, Denis"]
[Black "Golovanskikh, Dmitriy"]
[Result "1-0"]
[WhiteElo "2031"]
[BlackElo "1764"]
[WhiteFideId "44136650"]
[BlackFideId "54123178"]
[EventDate "2019.10.05"]

1. e4 c6 2. d4 d5 3. e5 c5 4. dxc5 Nc6 5. a3 Nxe5 6. b4 g6 7. Bb2 Bg7 8. Ra2 Kf8
9. Be2 Be6 10. Bd4 Nh6 11. c3 Nf5 12. Nf3 Nxf3+ 13. Bxf3 Nxd4 14. cxd4 a5 15. b5
a4 16. O-O Qa5 17. Rb2 Rd8 18. Rb4 Bf5 19. Re1 Bxb1 20. Qxb1 e6 21. Qd3 Bf6 22.
b6 Kg7 23. Rc1 Bg5 24. Rcb1 Rc8 25. Qd1 Ra8 26. Be2 e5 27. Bb5 exd4 28. Qxd4+
Bf6 29. Qxd5 Rhd8 30. Qxb7 Bc3 31. Bc4 Bxb4 32. axb4 Qxb4 33. Rxb4 1-0

[Event "Chigorin Memorial 2019"]
[Site "St Petersburg RUS"]
[Date "2019.10.08"]
[Round "4.121"]
[White "Gordon, Evgeny"]
[Black "Chagina, Ulyana"]
[Result "1-0"]
[WhiteElo "2030"]
[BlackElo "1605"]
[WhiteFideId "2807289"]
[BlackFideId "44158785"]
[EventDate "2019.10.05"]

1. d4 Nf6 2. Nf3 e6 3. c4 b6 4. a3 Bb7 5. Nc3 Be7 6. g3 Ne4 7. Qc2 f5 8. Bg2
Nxc3 9. Qxc3 Bf6 10. O-O d6 11. Qd2 O-O 12. b4 c5 13. Bb2 Qe7 14. Rfd1 Nc6 15.
dxc5 dxc5 16. Bxf6 Qxf6 17. bxc5 bxc5 18. Qe3 Qe7 19. Rab1 Rab8 20. Rb5 e5 21.
Qxc5 Qxc5 22. Rxc5 e4 23. Ng5 Rfd8 24. Rcd5 Rxd5 25. cxd5 Ne5 26. Ne6 Ba6 27.
Nd4 Rd8 28. Nxf5 Bxe2 29. Re1 Nf3+ 30. Bxf3 Bxf3 31. Ne3 Kf7 32. Rb1 Rd7 33. Rc1
Kf6 34. h3 Ke5 35. Kf1 Kd4 36. Ke1 Kd3 37. Kf1 Be2+ 38. Kg1 Kd2 39. Rc2+ Kd3 40.
g4 Bf3 41. Rc1 Kd2 42. Rb1 g6 43. Kh2 h5 44. Kg3 hxg4 45. hxg4 g5 46. Rb2+ Kd3
47. Rb8 Rh7 48. Rg8 1-0

[Event "Chigorin Memorial 2019"]
[Site "St Petersburg RUS"]
[Date "2019.10.08"]
[Round "4.122"]
[White "Snegovsky-Orlov, Alexandr"]
[Black "Kulek, Yuri"]
[Result "1-0"]
[WhiteElo "1731"]
[BlackElo "2029"]
[WhiteFideId "4131487"]
[BlackFideId "4191684"]
[EventDate "2019.10.05"]

1. e4 c5 2. Nc3 e6 3. f4 a6 4. a4 Qc7 5. d3 d6 6. Nf3 Nf6 7. Be2 Be7 8. O-O Nc6
9. Kh1 b6 10. d4 cxd4 11. Nxd4 Bb7 12. Bf3 O-O-O 13. Be3 h6 14. Qe2 Nxd4 15.
Bxd4 e5 16. Be3 Rdg8 17. Qf2 Bd8 18. fxe5 dxe5 19. Nd5 Nxd5 20. exd5 f5 21. a5
bxa5 22. Ra3 Kb8 23. d6 Qxd6 24. Rb3 1-0

[Event "Chigorin Memorial 2019"]
[Site "St Petersburg RUS"]
[Date "2019.10.08"]
[Round "4.123"]
[White "Lekhtonen, Yaroslav"]
[Black "Sokolov, Nikita Dm."]
[Result "0-1"]
[WhiteElo "1716"]
[BlackElo "2022"]
[WhiteFideId "24269484"]
[BlackFideId "34106526"]
[EventDate "2019.10.05"]

1. e4 c5 2. Nf3 d6 3. d4 cxd4 4. Nxd4 Nf6 5. Nc3 a6 6. Be3 e5 7. Nb3 Be6 8. f3
Be7 9. Qd2 O-O 10. O-O-O Nbd7 11. g4 b5 12. g5 b4 13. Ne2 Ne8 14. f4 a5 15. f5
a4 16. Nbd4 exd4 17. Nxd4 b3 18. Kb1 bxc2+ 19. Nxc2 Bb3 20. axb3 axb3 21. Na3
Ra4 22. Qg2 Qa8 23. h4 d5 24. Bb5 Rxe4 25. Bxd7 Rxe3 26. Qxd5 Qa7 27. Qd4 Bc5
28. Qa4 Qxa4 29. Bxa4 Nd6 30. Rd5 Bxa3 31. bxa3 Nc4 32. Rc1 Nb6 33. Rd4 Nxa4 34.
Rxa4 Rf3 35. Rb4 Rxf5 36. Rxb3 g6 37. Rb4 Ra8 38. Kb2 Rf2+ 39. Kb3 Rf3+ 40. Rc3
Rxc3+ 41. Kxc3 Rxa3+ 42. Kd4 Ra5 43. Ke4 Rf5 44. Rb1 Kg7 45. Rb2 Rf1 46. Rb4 h6
47. Ke3 hxg5 48. hxg5 Rf5 49. Rg4 Kf8 50. Ke4 Ke7 51. Ke3 Ke6 52. Ke4 Ra5 53.
Rg1 Ra4+ 54. Kd3 Kf5 55. Ke3 Ra3+ 56. Kd2 Kf4 57. Rf1+ Rf3 58. Rg1 Ke4 59. Ke2
Ra3 60. Rg4+ Kf5 61. Rg1 Ra4 62. Ke3 Re4+ 63. Kd3 Re6 64. Kd2 Kf4 65. Kd3 Re5
66. Kd4 Re8 67. Kd3 Kf5 68. Kd4 Re7 69. Kd3 Kf4 70. Kd2 Re5 71. Kd3 Rxg5 0-1

[Event "Chigorin Memorial 2019"]
[Site "St Petersburg RUS"]
[Date "2019.10.08"]
[Round "4.124"]
[White "Postanogov, Dmitrii"]
[Black "Karmanova, Olga Dm."]
[Result "1-0"]
[WhiteElo "2019"]
[BlackElo "1768"]
[WhiteFideId "44120419"]
[BlackFideId "24215333"]
[EventDate "2019.10.05"]

1. e4 c5 2. Nf3 a6 3. c3 g6 4. d4 cxd4 5. cxd4 d5 6. exd5 Nf6 7. Nc3 Bg7 8. Bc4
O-O 9. O-O Nbd7 10. Bg5 b5 11. Bb3 b4 12. Na4 Bb7 13. Re1 Bxd5 14. Bxd5 Nxd5 15.
Qb3 N7f6 16. Nc5 a5 17. Rac1 a4 18. Qc4 a3 19. b3 Nc3 20. Rc2 Nfd5 21. Bd2 Qa5
22. Bxc3 Nxc3 23. Rxe7 Rae8 24. Rxe8 Rxe8 25. h3 Rc8 26. Ne1 Nb5 27. Nf3 Nc3 28.
Qd3 Bxd4 29. Nb7 Qc7 30. Qxd4 Qxb7 31. Ne5 Qb8 32. g3 Rd8 33. Nd7 Qc7 34. Nf6+
Kh8 35. Nd5+ Kg8 36. Nxc7 Rxd4 37. Na6 Nb1 38. Kf1 Kf8 39. Ke1 Ke7 40. Rc1 Re4+
41. Kf1 Nd2+ 42. Kg2 Rd4 43. Rc2 Nb1 44. Kf3 Rd2 45. Rxd2 Nxd2+ 46. Ke3 Nxb3 47.
Nxb4 Na5 48. Nc2 Kd6 49. Nxa3 Nc6 50. Nb5+ Kc5 51. Nc3 Nb4 52. Ne4+ Kc6 53. Ng5
Nxa2 54. Nxf7 Kd7 55. Kf4 Nc3 56. Ng5 Nd1 57. Kf3 h5 58. Ne4 Ke6 59. Kf4 Kf7 60.
Ke5 Kg7 61. h4 Nb2 62. Kd4 Na4 63. Kd5 Nb2 64. Ke6 Nd3 65. f3 Ne1 66. Ng5 Ng2
67. Ke7 Ne3 68. Ne6+ Kh6 69. Kf6 Nf5 70. Nf4 Nd4 71. Nxg6 Nxf3 72. Ne5 Nd4 73.
Nf7+ Kh7 74. Nd6 Nf3 75. Nf5 Nd2 76. Kg5 Ne4+ 77. Kxh5 1-0

[Event "Chigorin Memorial 2019"]
[Site "St Petersburg RUS"]
[Date "2019.10.08"]
[Round "4.125"]
[White "Bondareva, Daria"]
[Black "Andreeva, Anastasiia"]
[Result "1-0"]
[WhiteTitle "WCM"]
[WhiteElo "2012"]
[BlackElo "1691"]
[WhiteFideId "44131356"]
[BlackFideId "44131542"]
[EventDate "2019.10.05"]

1. d4 d5 2. Nf3 c6 3. Bf4 Nf6 4. h3 e6 5. e3 a6 6. Nbd2 Nbd7 7. Bd3 c5 8. c3
cxd4 9. exd4 Be7 10. O-O b5 11. a4 b4 12. a5 bxc3 13. bxc3 O-O 14. Qb3 Ne8 15.
c4 dxc4 16. Nxc4 Nc7 17. Nb6 Ra7 18. Rac1 Nf6 19. Nxc8 Qxc8 20. Qb6 Qa8 21. Rxc7
Rxc7 22. Qxc7 Nd5 23. Qe5 Bf6 24. Qe4 g6 25. Bd6 1-0

[Event "Chigorin Memorial 2019"]
[Site "St Petersburg RUS"]
[Date "2019.10.08"]
[Round "4.126"]
[White "Strukova, Ksenia"]
[Black "Gusev, Mikhail"]
[Result "1-0"]
[WhiteTitle "WCM"]
[WhiteElo "2002"]
[BlackElo "1635"]
[WhiteFideId "34106623"]
[BlackFideId "34270140"]
[EventDate "2019.10.05"]

1. e4 e6 2. d4 d5 3. Nd2 c5 4. exd5 exd5 5. Ngf3 Nf6 6. Bb5+ Bd7 7. Bxd7+ Nbxd7
8. O-O Be7 9. dxc5 Nxc5 10. Nb3 Nce4 11. Nfd4 Qd7 12. Qf3 Nd6 13. Bg5 Nfe4 14.
Bxe7 Qxe7 15. Nf5 Nxf5 16. Qxf5 Qe6 17. Nd4 Qxf5 18. Nxf5 g6 19. Ne3 O-O-O 20.
Rfd1 Nf6 21. Rd4 Rhe8 22. Rad1 Re4 23. R4d3 Rd7 24. f3 Re5 25. Kf2 Rde7 26. c3
Kc7 27. R1d2 Kc6 28. Nc2 a6 29. Nd4+ Kc7 30. b3 b5 31. Nc2 a5 32. Nd4 Kb6 33. a4
bxa4 34. bxa4 Nd7 35. Rb2+ Kc5 36. Rdd2 Re3 37. Nb3+ Kd6 38. c4 Nf6 39. Nxa5 Kc5
40. Rb5+ Kd6 41. Rb6+ 1-0

[Event "Chigorin Memorial 2019"]
[Site "St Petersburg RUS"]
[Date "2019.10.08"]
[Round "4.127"]
[White "Danilova, Rada"]
[Black "Lebedev, Artem S."]
[Result "1-0"]
[WhiteTitle "WCM"]
[WhiteElo "1986"]
[BlackElo "1561"]
[WhiteFideId "34156760"]
[BlackFideId "34272747"]
[EventDate "2019.10.05"]

1. d4 Nf6 2. c4 c5 3. d5 b5 4. Qc2 bxc4 5. e4 e6 6. Nc3 exd5 7. e5 Ng4 8. Nxd5
Bb7 9. Bxc4 Nc6 10. Nf3 Be7 11. Qf5 h5 12. h3 Nh6 13. Bxh6 gxh6 14. O-O Na5 15.
Ne3 Nxc4 16. Nxc4 Qc7 17. Nd6+ Bxd6 18. exd6 Qxd6 19. Rad1 Qc7 20. Rfe1+ Kd8 21.
Qf6+ Kc8 22. Qxh8+ 1-0

[Event "Chigorin Memorial 2019"]
[Site "St Petersburg RUS"]
[Date "2019.10.08"]
[Round "4.128"]
[White "Erastov, Semen"]
[Black "Avazov, Semen"]
[Result "1-0"]
[WhiteElo "1981"]
[BlackElo "1639"]
[WhiteFideId "34147141"]
[BlackFideId "54114390"]
[EventDate "2019.10.05"]

1. d4 Nf6 2. Nf3 d5 3. c4 e6 4. g3 Bb4+ 5. Bd2 Be7 6. Bg2 O-O 7. O-O c6 8. Nc3
Nbd7 9. Bf4 dxc4 10. a4 a5 11. e4 Bb4 12. Qb1 b6 13. Bg5 Be7 14. Bxf6 Nxf6 15.
Ne5 Qd6 16. Rd1 Ba6 17. Nxf7 Rxf7 18. e5 Qd7 19. exf6 Rxf6 20. d5 Bc5 21. dxc6
Bxf2+ 22. Kh1 Qf7 23. Ne4 Rh6 24. c7 Rf8 25. Rd8 Bb7 26. Rxf8+ Qxf8 27. Nf6+
Qxf6 28. Bxb7 Rxh2+ 29. Kxh2 Bxg3+ 30. Kxg3 Qe5+ 31. Kf3 Qh5+ 32. Ke3 Qc5+ 33.
Ke2 Qh5+ 34. Bf3 Qh2+ 35. Ke3 Qh6+ 36. Kd4 Qd2+ 37. Kxc4 Qb4+ 38. Kd3 Qd6+ 39.
Kc2 Qc5+ 40. Kd2 Qf2+ 41. Be2 Qd4+ 42. Qd3 Qxb2+ 43. Qc2 Qd4+ 44. Bd3 Qf4+ 45.
Kd1 1-0

[Event "Chigorin Memorial 2019"]
[Site "St Petersburg RUS"]
[Date "2019.10.08"]
[Round "4.129"]
[White "Ponomarev, Vsevolod"]
[Black "Vershinin, Igor"]
[Result "0-1"]
[WhiteElo "1980"]
[BlackElo "1610"]
[WhiteFideId "24239968"]
[BlackFideId "24256137"]
[EventDate "2019.10.05"]

1. e4 c5 2. Nf3 Nc6 3. d4 cxd4 4. Nxd4 Nf6 5. Nc3 e5 6. Ndb5 d6 7. Bg5 a6 8. Na3
b5 9. Nd5 Be7 10. Bxf6 Bxf6 11. c3 O-O 12. Nc2 Rb8 13. h4 g6 14. h5 Bg5 15. Qf3
Be6 16. Nce3 b4 17. Bd3 bxc3 18. bxc3 Qa5 19. Kf1 h6 20. g3 Bxd5 21. Nxd5 Rb2
22. a4 f5 23. exf5 gxf5 24. Nf6+ Rxf6 25. Qxc6 Qc5 26. Bc4+ Kf8 27. Qxc5 dxc5
28. Rd1 e4 29. Kg2 e3 30. Rd8+ Ke7 31. Rd5 Rxf2+ 32. Kh3 Re6 33. Rxc5 e2 34. Re1
Bd2 35. Rxe2 Rexe2 36. Bxe2 Rxe2 37. Rc6 Re6 0-1

[Event "Chigorin Memorial 2019"]
[Site "St Petersburg RUS"]
[Date "2019.10.08"]
[Round "4.130"]
[White "Lakshyesh, Mohan Gupta"]
[Black "Pestryakov, Nikita"]
[Result "0-1"]
[WhiteElo "1635"]
[BlackElo "1978"]
[WhiteFideId "45049114"]
[BlackFideId "44130546"]
[EventDate "2019.10.05"]

1. e4 e6 2. d4 d5 3. e5 c5 4. c3 Nc6 5. Nf3 Qb6 6. Bd3 Bd7 7. O-O cxd4 8. cxd4
Nxd4 9. Nxd4 Qxd4 10. Nc3 a6 11. Kh1 Qxe5 12. Re1 Qd6 13. Qf3 Bc6 14. Bf4 Qd7
15. Be5 Qe7 16. Rad1 0-1

[Event "Chigorin Memorial 2019"]
[Site "St Petersburg RUS"]
[Date "2019.10.08"]
[Round "4.131"]
[White "Vetokhina, Sofia"]
[Black "Sapegin, Yaroslav"]
[Result "0-1"]
[WhiteElo "1589"]
[BlackElo "1967"]
[WhiteFideId "24199966"]
[BlackFideId "44168322"]
[EventDate "2019.10.05"]

1. d4 d5 2. c4 Nc6 3. Nc3 dxc4 4. Nf3 Nf6 5. Bg5 Nd5 6. e4 Nxc3 7. bxc3 f6 8.
Be3 e5 9. d5 Na5 10. Bxc4 Nxc4 11. Qa4+ Bd7 12. Qxc4 Bd6 13. Qb3 b6 14. c4 O-O
15. Nd2 Qe8 16. O-O Qg6 17. Kh1 f5 18. f3 f4 19. Bf2 Qh5 20. c5 bxc5 21. Rac1
Rab8 22. Qc2 Rb5 23. Nb3 Rf6 24. a4 Rh6 25. Bg1 Rb4 26. Nxc5 Be8 27. Qc3 a5 28.
Ne6 Bxa4 29. Nxc7 Bd7 30. Rb1 Bf8 31. Rxb4 axb4 32. Qc4 Qg5 33. Na6 Rg6 34. Rf2
h6 35. Rb2 Bh3 36. Qf1 Bxg2+ 37. Qxg2 Qxg2+ 38. Rxg2 Rxg2 39. Kxg2 b3 0-1

[Event "Chigorin Memorial 2019"]
[Site "St Petersburg RUS"]
[Date "2019.10.08"]
[Round "4.132"]
[White "Makhno, Maria"]
[Black "Reger, Valeriia"]
[Result "1-0"]
[WhiteElo "1960"]
[BlackElo "1599"]
[WhiteFideId "24173479"]
[BlackFideId "34175528"]
[EventDate "2019.10.05"]

1. c4 c5 2. Nc3 Nc6 3. g3 g6 4. Bg2 Bg7 5. a3 e6 6. b4 d6 7. b5 Na5 8. Qa4 Bd7
9. Rb1 f5 10. e4 Ne7 11. Nge2 O-O 12. d3 a6 13. Qc2 axb5 14. Nxb5 Bc6 15. Nf4
Qd7 16. O-O e5 17. Nd5 Bxd5 18. cxd5 f4 19. f3 c4 20. dxc4 Rac8 21. Qa4 Nxc4 22.
Qb4 Rc5 23. Rf2 Rfc8 24. Bf1 g5 25. a4 h5 26. Rc2 Ne3 27. Rxc5 dxc5 28. Qe1 Nxf1
29. Qxf1 Ng6 30. Ba3 g4 31. Rc1 b6 32. a5 fxg3 33. hxg3 Rf8 34. Rc3 gxf3 35.
axb6 f2+ 1-0

[Event "Chigorin Memorial 2019"]
[Site "St Petersburg RUS"]
[Date "2019.10.08"]
[Round "4.133"]
[White "Dunaevskaya, Alisa"]
[Black "Afanasieva, Alexandra"]
[Result "0-1"]
[BlackTitle "WFM"]
[WhiteElo "1583"]
[BlackElo "1957"]
[WhiteFideId "54115396"]
[BlackFideId "34126926"]
[EventDate "2019.10.05"]

1. d4 Nf6 2. c4 e6 3. Nf3 Bb4+ 4. Nc3 b6 5. g3 Bb7 6. Bg2 O-O 7. O-O Bxc3 8.
bxc3 d6 9. a4 a5 10. Qb3 Nbd7 11. Rd1 Qe7 12. Nh4 Bxg2 13. Nxg2 e5 14. Ne3 Qe6
15. Ba3 Rfe8 16. Qb5 Qh3 17. Qc6 exd4 18. cxd4 Rac8 19. c5 Rxe3 20. fxe3 d5 21.
Rf1 Ng4 22. Rf2 Nxf2 23. Kxf2 Qxh2+ 24. Kf3 Nf6 25. cxb6 Qh5+ 26. Kg2 Qxe2+ 27.
Kh3 Qg4+ 28. Kh2 Ne4 29. Rg1 Ng5 30. Rc1 Qh3+ 31. Kg1 Qxg3+ 32. Kf1 Qf3+ 33. Ke1
Qxe3+ 34. Kd1 Qd3+ 35. Ke1 Ne4 0-1

[Event "Chigorin Memorial 2019"]
[Site "St Petersburg RUS"]
[Date "2019.10.08"]
[Round "4.134"]
[White "Vankon, Alexander"]
[Black "Petrov, Igor"]
[Result "1/2-1/2"]
[WhiteElo "1955"]
[BlackElo "1584"]
[WhiteFideId "34402020"]
[BlackFideId "54110831"]
[EventDate "2019.10.05"]

1. e4 e6 2. d3 d5 3. Nd2 Nf6 4. Ngf3 c5 5. g3 g6 6. Bg2 Bg7 7. O-O O-O 8. Re1
Nc6 9. c3 dxe4 10. dxe4 e5 11. Qc2 b6 12. Nc4 Qc7 13. Bg5 Ba6 14. Ne3 Ne7 15.
Rad1 Rad8 16. b3 h6 17. Bxf6 Bxf6 18. c4 Bg7 19. Nd5 Nxd5 20. exd5 f5 21. Nh4
Qd6 22. g4 Bc8 23. gxf5 g5 24. f6 Rxf6 25. Nf3 Bg4 26. Nd2 Bxd1 27. Qxd1 Rf4 28.
Ne4 Qg6 29. Qd2 h5 30. b4 g4 31. bxc5 bxc5 32. Qa5 Qb6 33. Qxb6 axb6 34. Rb1 Ra8
35. d6 Rxa2 36. d7 Rf8 37. Rd1 Rd8 38. Ng5 Bf6 39. Bd5+ Kf8 40. Ne6+ Ke7 41.
Nxd8 Kxd8 42. Bf7 Bh4 43. Bxh5 Bxf2+ 44. Kh1 g3 45. Bg4 gxh2 46. Kxh2 Be3+ 47.
Kg3 Rd2 48. Ra1 Rxd7 49. Bxd7 Kxd7 50. Kf3 Bd4 51. Rh1 Kc6 52. Ke4 Kb7 53. Kd5
Ka6 54. Rh2 Kb7 55. Rg2 Bc3 56. Rg7+ Ka6 57. Rg3 Bd4 1/2-1/2